000 00623nam a2200217 i 4500
001 C2-0253225
003 PPAK
005 20180727220356.0
008 040223s1981 nyu |||| ||||| | eng d
040 _aPPAK
_beng
_cPPAK
_erda
082 0 4 _a304.809595
_223
090 0 0 _a304.809595
_bMIG
_dR
245 0 0 _aMigration, urbanization and development in indonesia
264 1 _aNew York :
_bUnited Nation ,
_c1981
300 _axi, 202 pages ;
_c28 cm
336 _2rdacontent
_atext
337 _2rdamedia
_aunmediated
338 _2rdacarrier
_avolume
650 1 0 _aIndonesia - Emigration and immigration
942 _ddc
_cB
999 _c66107
_d66107